Normal view
MARC view
- López, Antonia
Entry Nombre Personal
001 - NUMERO DE CONTROL
- campo de control: 52598
003 - IDENTIFICADOR DE NUMERO DE CONTROL
- campo de control: MX-MxUPN
005 - FECHA Y HORA DE LA ÜLTIMA TRANSACCIÓN
- campo de control: 20240701154521.0
008 - DATOS DE LONGITUD FIJA
- campo de control de longitud fija: 240701|| aca||aabn | aaa d
040 ## - FUENTE DE CATALOGACIÓN
- Agencia original de catalogación: MX-MxUPN
- Lenguaje de catalogación: spa
- Agencia de transcripción: MX-MxUPN
100 1# - ENCABEZAMIENTO - NOMBRE PERSONAL
- Nombre personal: López, Antonia
670 ## - FUENTE EN LA QUE SE LOCALIZARON DATOS
- Cita de la fuente: Proyecto de reorganización de la Escuela Nacional de Maestros, 1933:
- Información localizada: portada (Antonia López)
902 ## - CATALOGADOR
- Catalogador: Víctor Ruiz/010724
